La población mundial /

Después de milenios de lento crecimiento demográfico, La población mundial ha alcanzado la cifra de 5.000 millones, duplicándose en sólo 35 años. A largo plazo, este ritmo de crecimiento supone una perspectiva verdaderamente explosiva, que, aun superado el alarmismo de los años sesenta, sigue plante...

Full description

Bibliographic Details
Main Author: Vallin, Jacques
Format: Libro
Language:Spanish
Published: Madrid, España Alianza 1995
Subjects:
Online Access:

MARC

LEADER 00000cam a2200000 a 4500
001 004651
003 UAHC_CL
005 20170803120049.0
008 050801b1995 sp 000 spa
020 |a 8420628042 
040 |a UAHC_CL  |c UAHC_CL  |d UAHC_CL 
100 1 |a Vallin, Jacques 
245 1 3 |a La población mundial /  |c Jacques Vallin. 
260 |b Alianza  |c 1995  |a Madrid, España 
300 |a 129 p. 
520 |a Después de milenios de lento crecimiento demográfico, La población mundial ha alcanzado la cifra de 5.000 millones, duplicándose en sólo 35 años. A largo plazo, este ritmo de crecimiento supone una perspectiva verdaderamente explosiva, que, aun superado el alarmismo de los años sesenta, sigue planteando la cuestión: ¿Es posible estabilizar la población de forma duradera? Después de analizar las causas del crecimiento demográfico y de cómo ha llegado la humanidad a la presente situación, Jacques Vallin aborada las perspectivas para el futuro y da cuenta del debate actual sobre demografía y desarrollo. El fomento de políticas de control de la natalidad en los países en desarrollo -sostiene el autor- ha de ir unido al progreso económico, social y cultural para ser eficaz, mientras que, en los países desarrollados, se trata más bien de crear las condiciones que garanticen el reemplazo generacional. Por último, examina las medidas de control demográfico en relación con la justicia social y la libertad individual, así como las debatidas cuestiones del reparto de recursos y la explotación más racional de los mismos. 
521 |a Geografía humana, desarrollo local y regional 
650 4 |a POBLACION 
650 4 |a POBLACION 
650 4 |a DEMOGRAFIA 
653 |a LICENCIATURA EN HISTORIA 
653 |a PEDAGOGIA EN HISTORIA Y CIENCIAS SOCIALES 
658 |a González, Pilar 
658 |a Barahona, Macarena 
900 |a 304.6 VAL 
942 |c BK 
952 |0 0  |1 0  |4 0  |6 304_600000000000000_VAL  |7 0  |8 General  |9 10445  |a BC  |b BC  |c General  |d 2017-08-03  |l 0  |o 304.6 VAL  |p 1349865  |r 2026-01-13 00:00:00  |t 1  |w 2017-08-03  |y BK 
952 |0 0  |1 0  |4 0  |6 304_600000000000000_VAL  |7 0  |8 General  |9 10446  |a BC  |b BC  |c General  |d 2017-08-03  |l 0  |o 304.6 VAL  |p 1349866  |r 2026-01-13 00:00:00  |t 2  |w 2017-08-03  |y BK 
952 |0 0  |1 0  |4 0  |6 304_600000000000000_VAL  |7 0  |8 General  |9 10447  |a BC  |b BC  |c General  |d 2017-08-03  |l 0  |o 304.6 VAL  |p 1349867  |r 2026-01-13 00:00:00  |t 3  |w 2017-08-03  |y BK 
952 |0 0  |1 0  |4 0  |6 304_600000000000000_VAL  |7 0  |8 General  |9 10448  |a BC  |b BC  |c General  |d 2017-08-03  |l 0  |o 304.6 VAL  |p 1350010  |r 2026-01-13 00:00:00  |t 4  |w 2017-08-03  |y BK 
999 |c 4651  |d 4651